[Event "Taastrup B"]
[Site "Taastrup"]
[Date "1990.??.??"]
[Round "9"]
[White "Adamski, Jan"]
[Black "Hartvig, Ove Weiss"]
[Result "1-0"]
[WhiteElo "2410"]
[BlackElo "2225"]
[PlyCount "47"]
[EventDate "1990.02.??"]
[EventType "tourn"]
[EventRounds "9"]
[EventCountry "DEN"]
[EventCategory "4"]
[Source "ChessBase"]
[SourceDate "1996.11.15"]

1. Nf3 Nf6 2. c4 c5 3. Nc3 Nc6 4. d4 cxd4 5. Nxd4 g6 6. e4 Nxd4 7. Qxd4 d6 8.
Be2 Bg7 9. O-O O-O 10. Qd3 a6 11. Be3 Be6 12. Bd4 Rc8 13. b3 Nd7 14. Bxg7 Kxg7
15. f4 f6 16. Nd5 Nc5 17. Qd4 Bg8 18. Rad1 Qe8 19. e5 dxe5 20. fxe5 Ne6 21.
exf6+ exf6 22. Qb2 Qf7 23. Nxf6 Qxf6 24. Rd7+ 1-0

[Event "Taastrup B"]
[Site "Taastrup"]
[Date "1990.??.??"]
[Round "5"]
[White "Adamski, Jan"]
[Black "Jasnikowski, Zbigniew"]
[Result "1/2-1/2"]
[WhiteElo "2410"]
[BlackElo "2445"]
[PlyCount "27"]
[EventDate "1990.02.??"]
[EventType "tourn"]
[EventRounds "9"]
[EventCountry "DEN"]
[EventCategory "4"]
[Source "ChessBase"]
[SourceDate "1996.11.15"]

1. Nf3 Nf6 2. c4 g6 3. Nc3 d5 4. cxd5 Nxd5 5. e4 Nxc3 6. dxc3 Qxd1+ 7. Kxd1 f6
8. Be3 e5 9. Nd2 Be6 10. Kc2 Nd7 11. f3 Bc5 12. Bxc5 Nxc5 13. b4 Nd7 14. Bc4
1/2-1/2

[Event "Taastrup B"]
[Site "Taastrup"]
[Date "1990.??.??"]
[Round "6"]
[White "Bang, Andreas"]
[Black "Bern, Ivar"]
[Result "1/2-1/2"]
[WhiteElo "2345"]
[BlackElo "2370"]
[PlyCount "105"]
[EventDate "1990.02.??"]
[EventType "tourn"]
[EventRounds "9"]
[EventCountry "DEN"]
[EventCategory "4"]
[Source "ChessBase"]
[SourceDate "1996.11.15"]

1. Nf3 g6 2. c4 Bg7 3. e4 d6 4. d4 Bg4 5. Be2 Nc6 6. Be3 e5 7. d5 Bxf3 8. Bxf3
Nd4 9. Bxd4 exd4 10. Na3 c5 11. O-O Nf6 12. Rb1 O-O 13. b4 b6 14. bxc5 bxc5 15.
Rb7 Re8 16. Qc2 a6 17. Rfb1 Qa5 18. Qd3 Rad8 19. Nc2 Nd7 20. Be2 Ne5 21. Qd1 h5
22. f4 Ng4 23. Bxg4 hxg4 24. R1b3 Qa4 25. Qd3 Rd7 26. f5 Rxb7 27. Rxb7 g5 28.
a3 Qa5 29. Kf2 Be5 30. h3 g3+ 31. Ke2 Bf4 32. Ne1 Qd8 33. Kf1 Qc8 34. Qb1 Kg7
35. Nf3 Rh8 36. Ke2 Qe8 37. Kd3 Qa4 38. Qb3 Qa5 39. Ke2 Re8 40. Kd3 Rh8 41. e5
dxe5 42. Ke4 Rf8 43. Qb6 Qc3 44. Rxf7+ Rxf7 45. Qg6+ Kf8 46. Qd6+ Re7 47. Qf6+
Ke8 48. d6 Rf7 49. Qe6+ Kf8 50. Qh6+ Kg8 51. Qg6+ Kf8 52. Qh6+ Kg8 53. Qg6+
1/2-1/2

[Event "Taastrup B"]
[Site "Taastrup"]
[Date "1990.??.??"]
[Round "1"]
[White "Bang, Andreas"]
[Black "Jasnikowski, Zbigniew"]
[Result "1/2-1/2"]
[WhiteElo "2345"]
[BlackElo "2445"]
[PlyCount "70"]
[EventDate "1990.02.??"]
[EventType "tourn"]
[EventRounds "9"]
[EventCountry "DEN"]
[EventCategory "4"]
[Source "ChessBase"]
[SourceDate "1996.11.15"]

1. Nf3 Nf6 2. c4 g6 3. Nc3 d5 4. cxd5 Nxd5 5. e4 Nxc3 6. dxc3 Qxd1+ 7. Kxd1 f6
8. Be3 e5 9. Nd2 Be6 10. Bc4 Bxc4 11. Nxc4 Nd7 12. b4 b5 13. Na5 c5 14. a3 Nb6
15. Kc2 Rc8 16. Rhb1 Na4 17. c4 a6 18. Kb3 h5 19. Rd1 Rh7 20. Rac1 Rhc7 21. Rc2
Kf7 22. f3 Ke6 23. Rdc1 f5 24. cxb5 axb5 25. bxc5 Nxc5+ 26. Bxc5 Rxc5 27. Rxc5
Rxc5 28. Rxc5 Bxc5 29. a4 bxa4+ 30. Kxa4 fxe4 31. fxe4 Bg1 32. h3 Kf6 33. Nc4
Bh2 34. Kb5 Kg5 35. Kc5 Kh4 1/2-1/2

[Event "Taastrup B"]
[Site "Taastrup"]
[Date "1990.??.??"]
[Round "3"]
[White "Bern, Ivar"]
[Black "Hutters, Tomas"]
[Result "1/2-1/2"]
[WhiteElo "2370"]
[BlackElo "2260"]
[PlyCount "43"]
[EventDate "1990.02.??"]
[EventType "tourn"]
[EventRounds "9"]
[EventCountry "DEN"]
[EventCategory "4"]
[Source "ChessBase"]
[SourceDate "1996.11.15"]

1. d4 Nf6 2. c4 g6 3. Nc3 d5 4. e3 Bg7 5. b4 O-O 6. Qb3 c6 7. a4 Be6 8. Nf3 Ne4
9. Be2 dxc4 10. Bxc4 Bxc4 11. Qxc4 Nd6 12. Qb3 Nd7 13. O-O e5 14. Rd1 e4 15.
Nd2 Re8 16. Ba3 b5 17. Bb2 Nb6 18. axb5 cxb5 19. Ra5 a6 20. Rda1 Qc8 21. R5a2
Nbc4 22. Nxc4 1/2-1/2

[Event "Taastrup B"]
[Site "Taastrup"]
[Date "1990.??.??"]
[Round "5"]
[White "Bern, Ivar"]
[Black "Dory, Jeno"]
[Result "1/2-1/2"]
[WhiteElo "2370"]
[BlackElo "2355"]
[PlyCount "51"]
[EventDate "1990.02.??"]
[EventType "tourn"]
[EventRounds "9"]
[EventCountry "DEN"]
[EventCategory "4"]
[Source "ChessBase"]
[SourceDate "1996.11.15"]

1. c4 c5 2. g3 Nc6 3. Bg2 g6 4. Nc3 Bg7 5. e3 d6 6. Nge2 e5 7. d3 Nge7 8. a3 a5
9. Nb5 O-O 10. Nec3 f5 11. f4 Be6 12. O-O Rb8 13. Qb3 Bf7 14. Bd2 b6 15. Rab1
Qd7 16. Kh1 Na7 17. Nxa7 Qxa7 18. Qc2 Rfc8 19. Qd1 Qd7 20. e4 Be6 21. exf5 Bxf5
22. Ne4 Rf8 23. b4 axb4 24. axb4 Kh8 25. Bc3 Nc6 26. bxc5 1/2-1/2

[Event "Taastrup B"]
[Site "Taastrup"]
[Date "1990.??.??"]
[Round "7"]
[White "Bern, Ivar"]
[Black "Bus, Mariusz"]
[Result "1-0"]
[WhiteElo "2370"]
[BlackElo "2335"]
[PlyCount "81"]
[EventDate "1990.02.??"]
[EventType "tourn"]
[EventRounds "9"]
[EventCountry "DEN"]
[EventCategory "4"]
[Source "ChessBase"]
[SourceDate "1996.11.15"]

1. c4 e6 2. Nc3 d5 3. d4 Be7 4. cxd5 exd5 5. Bf4 Nf6 6. e3 O-O 7. Bd3 c5 8. Nf3
Nc6 9. O-O cxd4 10. Nxd4 Nxd4 11. exd4 Be6 12. a3 Rc8 13. h3 Ne8 14. Qc2 h6 15.
Qe2 Nd6 16. Qh5 Bg5 17. Be5 Nc4 18. Bxc4 Rxc4 19. f4 g6 20. Qf3 Bf6 21. Rad1
Bxe5 22. fxe5 Qh4 23. b3 Rcc8 24. Nxd5 Rfd8 25. Nf6+ Kg7 26. d5 Bf5 27. Nh5+
Qxh5 28. Qxh5 gxh5 29. Rxf5 Rc5 30. d6 Rc3 31. Rf3 Rxf3 32. gxf3 Kg6 33. f4 Kf5
34. Rd4 Rd7 35. Kf2 f6 36. exf6 Kxf6 37. Kf3 Ke6 38. Ke4 h4 39. f5+ Kf6 40. Rd1
h5 41. b4 1-0

[Event "Taastrup B"]
[Site "Taastrup"]
[Date "1990.??.??"]
[Round "9"]
[White "Bern, Ivar"]
[Black "Sorensen, Torben N"]
[Result "1/2-1/2"]
[WhiteElo "2370"]
[BlackElo "2300"]
[PlyCount "23"]
[EventDate "1990.02.??"]
[EventType "tourn"]
[EventRounds "9"]
[EventCountry "DEN"]
[EventCategory "4"]
[Source "ChessBase"]
[SourceDate "1996.11.15"]

1. d4 d5 2. c4 e6 3. Nf3 c5 4. cxd5 exd5 5. g3 Nc6 6. Bg2 Nf6 7. O-O Be7 8. b3
Ne4 9. Bb2 Bf6 10. h3 O-O 11. e3 Re8 12. Nc3 1/2-1/2

[Event "Taastrup B"]
[Site "Taastrup"]
[Date "1990.??.??"]
[Round "6"]
[White "Bus, Mariusz"]
[Black "Hartvig, Ove Weiss"]
[Result "1-0"]
[WhiteElo "2335"]
[BlackElo "2225"]
[PlyCount "81"]
[EventDate "1990.02.??"]
[EventType "tourn"]
[EventRounds "9"]
[EventCountry "DEN"]
[EventCategory "4"]
[Source "ChessBase"]
[SourceDate "1996.11.15"]

1. e4 c6 2. d3 d5 3. Nd2 g6 4. g3 Bg7 5. Bg2 Na6 6. Ngf3 Bg4 7. h3 Bxf3 8. Bxf3
e6 9. O-O Ne7 10. Nb3 O-O 11. d4 dxe4 12. Bxe4 Nf5 13. c3 Qe7 14. Re1 Rad8 15.
Qe2 Nc7 16. Nc5 Nd5 17. Nd3 Nd6 18. Bg2 Nc4 19. h4 h6 20. b3 Nxc3 21. Qc2 Nb6
22. Bxh6 Bxh6 23. Qxc3 Nd5 24. Qc4 Bg7 25. Ne5 Nb6 26. Qc3 Rd6 27. Re4 Nd5 28.
Qc5 b6 29. Qc4 Qc7 30. Rc1 Rc8 31. h5 Ne7 32. hxg6 f5 33. Re2 Bxe5 34. dxe5 Rd5
35. Bxd5 exd5 36. Qh4 Nxg6 37. Qf6 Qf7 38. Rxc6 Rxc6 39. Qxc6 Ne7 40. Qf6 Qh5
41. Re1 1-0

[Event "Taastrup B"]
[Site "Taastrup"]
[Date "1990.??.??"]
[Round "5"]
[White "Bus, Mariusz"]
[Black "Sorensen, Torben N"]
[Result "1-0"]
[WhiteElo "2335"]
[BlackElo "2300"]
[PlyCount "34"]
[EventDate "1990.02.??"]
[EventType "tourn"]
[EventRounds "9"]
[EventCountry "DEN"]
[EventCategory "4"]
[Source "ChessBase"]
[SourceDate "1996.11.15"]

1. e4 e5 2. Nf3 Nc6 3. Bb5 a6 4. Bxc6 dxc6 5. O-O f6 6. d4 Bg4 7. c3 Bd6 8. Be3
Qe7 9. h3 Bh5 10. Nbd2 O-O-O 11. b4 exd4 12. Bxd4 Bxf3 13. Qxf3 Bxb4 14. Rab1
Bd6 15. Nc4 c5 16. e5 fxe5 17. Qxb7+ Kd7 1-0

[Event "Taastrup B"]
[Site "Taastrup"]
[Date "1990.??.??"]
[Round "8"]
[White "Bus, Mariusz"]
[Black "Adamski, Jan"]
[Result "1-0"]
[WhiteElo "2335"]
[BlackElo "2410"]
[PlyCount "67"]
[EventDate "1990.02.??"]
[EventType "tourn"]
[EventRounds "9"]
[EventCountry "DEN"]
[EventCategory "4"]
[Source "ChessBase"]
[SourceDate "1996.11.15"]

1. e4 c5 2. Nf3 e6 3. d3 Nc6 4. g3 Nge7 5. Bg2 g6 6. O-O Bg7 7. Nbd2 O-O 8. Re1
d6 9. a4 e5 10. c3 h6 11. Nc4 Be6 12. Nfd2 Qd7 13. Nf1 Rad8 14. Nce3 d5 15.
exd5 Nxd5 16. a5 Nde7 17. Qa4 Qxd3 18. Rd1 Qa6 19. Nd2 b5 20. axb6 Qxa4 21.
Rxa4 axb6 22. Ra6 Rb8 23. Nec4 b5 24. Nd6 Rfd8 25. Nxb5 Rxb5 26. Bxc6 Nxc6 27.
Rxc6 Ra5 28. Re1 Ra1 29. Ne4 Bd5 30. Rd6 Rxd6 31. Nxd6 f6 32. Ne8 Kf7 33. Nxg7
Kxg7 34. Bxh6+ 1-0

[Event "Taastrup B"]
[Site "Taastrup"]
[Date "1990.??.??"]
[Round "1"]
[White "Bus, Mariusz"]
[Black "Hutters, Tomas"]
[Result "1/2-1/2"]
[WhiteElo "2335"]
[BlackElo "2260"]
[PlyCount "46"]
[EventDate "1990.02.??"]
[EventType "tourn"]
[EventRounds "9"]
[EventCountry "DEN"]
[EventCategory "4"]
[Source "ChessBase"]
[SourceDate "1996.11.15"]

1. e4 c5 2. Nf3 e6 3. d3 d5 4. Nbd2 Nc6 5. g3 g6 6. Bg2 Bg7 7. O-O Nge7 8. Re1
h6 9. exd5 Nxd5 10. Nc4 O-O 11. a4 Qc7 12. Qe2 b6 13. Bd2 Ncb4 14. Rac1 Bb7 15.
Nfe5 Rad8 16. c3 Nc6 17. Ng4 h5 18. Nge5 Nxe5 19. Nxe5 Ne7 20. Bxb7 Qxb7 21.
Bf4 Rd5 22. Qe4 Qc8 23. Nc4 Nf5 1/2-1/2

[Event "Taastrup B"]
[Site "Taastrup"]
[Date "1990.??.??"]
[Round "8"]
[White "Dory, Jeno"]
[Black "Hutters, Tomas"]
[Result "0-1"]
[WhiteElo "2355"]
[BlackElo "2260"]
[PlyCount "90"]
[EventDate "1990.02.??"]
[EventType "tourn"]
[EventRounds "9"]
[EventCountry "DEN"]
[EventCategory "4"]
[Source "ChessBase"]
[SourceDate "1996.11.15"]

1. e4 c5 2. Nf3 e6 3. d4 cxd4 4. Nxd4 Nf6 5. Nc3 d6 6. Be2 Be7 7. O-O Nc6 8.
Be3 Bd7 9. f4 O-O 10. Nb3 Qc7 11. Kh1 Rfd8 12. Bf3 Be8 13. Qe2 a6 14. a4 b6 15.
Bf2 Nd7 16. Bg3 Nc5 17. Nxc5 bxc5 18. f5 Nd4 19. Qf2 Bc6 20. Bg4 Bf6 21. fxe6
fxe6 22. Rae1 Bg5 23. Bf4 Rf8 24. Qg3 Bxf4 25. Rxf4 Rxf4 26. Qxf4 Rf8 27. Qg3
Qf7 28. h3 Qf2 29. Kh2 e5 30. Rd1 Qxc2 31. Nd5 Bxd5 32. exd5 Qxa4 33. Qd3 Qb5
34. Be6+ Kh8 35. Qc3 Qe8 36. Qa5 Nxe6 37. dxe6 Qxe6 38. Qc7 d5 39. Qxc5 Rd8 40.
Qc7 Qd6 41. Qxd6 Rxd6 42. Re1 e4 43. Kg3 Rg6+ 44. Kf2 Rb6 45. Re2 Rb3 0-1

[Event "Taastrup B"]
[Site "Taastrup"]
[Date "1990.??.??"]
[Round "2"]
[White "Dory, Jeno"]
[Black "Bang, Andreas"]
[Result "1-0"]
[WhiteElo "2355"]
[BlackElo "2345"]
[PlyCount "121"]
[EventDate "1990.02.??"]
[EventType "tourn"]
[EventRounds "9"]
[EventCountry "DEN"]
[EventCategory "4"]
[Source "ChessBase"]
[SourceDate "1996.11.15"]

1. e4 c6 2. d4 d5 3. exd5 cxd5 4. c4 Nf6 5. Nc3 g6 6. cxd5 Bg7 7. Bb5+ Nbd7 8.
d6 O-O 9. dxe7 Qxe7+ 10. Nge2 a6 11. Bxd7 Qxd7 12. Bf4 b5 13. O-O Bb7 14. Be5
Rad8 15. h3 Rfe8 16. Qb3 Nd5 17. Bxg7 Kxg7 18. Rfe1 Qc6 19. Nxd5 Rxd5 20. f3
Qb6 21. Kh1 Rd6 22. Qc3 b4 23. Qd2 Bc6 24. Red1 Red8 25. a3 bxa3 26. bxa3 Bb5
27. Rab1 Qa7 28. Rb4 Bxe2 29. Qxe2 f6 30. Qe4 R8d7 31. h4 a5 32. Rc4 Qa6 33.
Rdc1 Re6 34. Qf4 Qd6 35. Qg4 f5 36. Qg5 h6 37. Qd2 Qg3 38. d5 Re5 39. Rd4 f4
40. Qxf4 Qxf4 41. Rxf4 Rexd5 42. Rc6 Rd4 43. Rc4 Rxf4 44. Rxf4 h5 45. Kh2 Rd3
46. Ra4 Rd5 47. Kg3 Kf6 48. Kf4 Rc5 49. Rd4 Rc3 50. a4 Rc5 51. g4 hxg4 52. fxg4
Rc6 53. g5+ Ke6 54. Re4+ Kd6 55. h5 gxh5 56. Kf5 Kd5 57. Re5+ Kc4 58. g6 Kb4
59. g7 Rc8 60. Re4+ Ka3 61. Kg6 1-0

[Event "Taastrup B"]
[Site "Taastrup"]
[Date "1990.??.??"]
[Round "6"]
[White "Dory, Jeno"]
[Black "Adamski, Jan"]
[Result "1/2-1/2"]
[WhiteElo "2355"]
[BlackElo "2410"]
[PlyCount "64"]
[EventDate "1990.02.??"]
[EventType "tourn"]
[EventRounds "9"]
[EventCountry "DEN"]
[EventCategory "4"]
[Source "ChessBase"]
[SourceDate "1996.11.15"]

1. e4 c5 2. Nf3 e6 3. d4 cxd4 4. Nxd4 a6 5. Bd3 Nf6 6. O-O Qc7 7. Qe2 d6 8. f4
Nbd7 9. c4 b6 10. b3 Bb7 11. Bb2 Nc5 12. Nd2 Nxd3 13. Qxd3 Be7 14. Rae1 O-O 15.
Kh1 Nd7 16. Qe2 Bf6 17. N2f3 e5 18. fxe5 dxe5 19. Nf5 Nc5 20. Ng3 g6 21. Bc1
Rad8 22. Bh6 Bg7 23. Bxg7 Kxg7 24. Rd1 a5 25. Qe3 f6 26. h3 Ne6 27. Nh2 Qc5 28.
Ng4 Nf4 29. Qxc5 bxc5 30. Ne3 h5 31. h4 Rd3 32. Rxd3 Nxd3 1/2-1/2

[Event "Taastrup B"]
[Site "Taastrup"]
[Date "1990.??.??"]
[Round "4"]
[White "Dory, Jeno"]
[Black "Hartvig, Ove Weiss"]
[Result "0-1"]
[WhiteElo "2355"]
[BlackElo "2225"]
[PlyCount "78"]
[EventDate "1990.02.??"]
[EventType "tourn"]
[EventRounds "9"]
[EventCountry "DEN"]
[EventCategory "4"]
[Source "ChessBase"]
[SourceDate "1996.11.15"]

1. e4 c6 2. d4 d5 3. exd5 cxd5 4. c4 Nf6 5. Nc3 g6 6. cxd5 Nxd5 7. Qb3 Nb6 8.
Bb5+ Bd7 9. Nf3 Bxb5 10. Nxb5 Bg7 11. Bf4 Na6 12. Nc3 O-O 13. O-O Nc7 14. Rfe1
Ncd5 15. Bg5 h6 16. Bh4 a5 17. a4 Kh7 18. Bg3 Nb4 19. Qd1 Rc8 20. Qe2 e6 21. h4
N6d5 22. Rac1 Nc6 23. Nb5 Nce7 24. h5 g5 25. Be5 Nf5 26. Bxg7 Kxg7 27. g3 Nf6
28. Rxc8 Qxc8 29. Qd2 Qb8 30. Ne5 Rd8 31. Qc3 Rd5 32. Kg2 Qd8 33. Rd1 Nxh5 34.
Rh1 Nf6 35. Nf3 g4 36. Ne5 Nxd4 37. Nxd4 Rxd4 38. Qe3 Qd5+ 39. Kh2 Re4 {time}
0-1

[Event "Taastrup B"]
[Site "Taastrup"]
[Date "1990.??.??"]
[Round "1"]
[White "Dory, Jeno"]
[Black "Sorensen, Torben N"]
[Result "0-1"]
[WhiteElo "2355"]
[BlackElo "2300"]
[PlyCount "82"]
[EventDate "1990.02.??"]
[EventType "tourn"]
[EventRounds "9"]
[EventCountry "DEN"]
[EventCategory "4"]
[Source "ChessBase"]
[SourceDate "1996.11.15"]

1. e4 e5 2. Nf3 Nc6 3. Bb5 a6 4. Ba4 Nf6 5. O-O Be7 6. Re1 b5 7. Bb3 d6 8. c3
O-O 9. d4 Bg4 10. Be3 d5 11. dxe5 Nxe5 12. exd5 Nxf3+ 13. gxf3 Bh5 14. Kg2 Bd6
15. Bg5 h6 16. Bh4 g5 17. Bg3 Qd7 18. Qd4 Qf5 19. Nd2 Rfe8 20. Re3 Bf4 21. Bxf4
gxf4 22. Rxe8+ Rxe8 23. h3 Bg6 24. a4 Kh7 25. Kh2 Re2 26. Rg1 Qd3 27. Qxd3 Bxd3
28. Rd1 Rxf2+ 29. Kg1 Re2 30. axb5 axb5 31. Ne4 Bxe4 32. fxe4 Rxb2 33. e5 Rxb3
34. exf6 Rxc3 35. Kg2 Kg6 36. d6 cxd6 37. Rxd6 b4 38. Rb6 b3 39. h4 Kf5 40. Kf2
Kg4 41. Rb7 Rc2+ 0-1

[Event "Taastrup B"]
[Site "Taastrup"]
[Date "1990.??.??"]
[Round "7"]
[White "Hartvig, Ove Weiss"]
[Black "Sorensen, Torben N"]
[Result "1/2-1/2"]
[WhiteElo "2225"]
[BlackElo "2300"]
[PlyCount "25"]
[EventDate "1990.02.??"]
[EventType "tourn"]
[EventRounds "9"]
[EventCountry "DEN"]
[EventCategory "4"]
[Source "ChessBase"]
[SourceDate "1996.11.15"]

1. e4 c5 2. Nf3 e6 3. d3 Nc6 4. g3 d5 5. Nbd2 Nf6 6. Bg2 Be7 7. O-O O-O 8. Re1
b5 9. a4 bxa4 10. Rxa4 a5 11. b3 Nb4 12. Ne5 d4 13. Ndc4 1/2-1/2

[Event "Taastrup B"]
[Site "Taastrup"]
[Date "1990.??.??"]
[Round "1"]
[White "Hartvig, Ove Weiss"]
[Black "Olesen, Martin"]
[Result "1-0"]
[WhiteElo "2225"]
[BlackElo "2270"]
[PlyCount "91"]
[EventDate "1990.02.??"]
[EventType "tourn"]
[EventRounds "9"]
[EventCountry "DEN"]
[EventCategory "4"]
[Source "ChessBase"]
[SourceDate "1996.11.15"]

1. Nf3 Nf6 2. g3 d5 3. Bg2 c6 4. b3 Bg4 5. O-O e6 6. Bb2 Be7 7. d3 Nbd7 8. Nbd2
O-O 9. Qe1 a5 10. a3 b5 11. e4 Qb6 12. h3 Bxf3 13. Nxf3 c5 14. Nd2 Bd8 15. e5
Ne8 16. a4 bxa4 17. Rxa4 Qb8 18. Bc3 Ra7 19. Nf3 Bc7 20. Bxa5 Nxe5 21. Bxc7
Nxf3+ 22. Bxf3 Nxc7 23. Qa1 Ra8 24. Rxa8 Qxa8 25. Qb2 Qb7 26. Ra1 Ra8 27. Rxa8+
Qxa8 28. d4 Qa7 29. dxc5 Qxc5 30. c4 g6 31. Qe5 f6 32. Qxf6 dxc4 33. Qd8+ Kg7
34. Qd7+ Kg8 35. Qd8+ Kg7 36. Qd7+ Kg8 37. bxc4 Qxc4 38. Bc6 Na6 39. Bb5 Qc1+
40. Kg2 Nc5 41. Qd8+ Kg7 42. Qe7+ Kg8 43. Be8 h5 44. Qf7+ Kh8 45. Qf6+ Kg8 46.
Qxg6+ 1-0

[Event "Taastrup B"]
[Site "Taastrup"]
[Date "1990.??.??"]
[Round "3"]
[White "Hartvig, Ove Weiss"]
[Black "Jasnikowski, Zbigniew"]
[Result "1/2-1/2"]
[WhiteElo "2225"]
[BlackElo "2445"]
[PlyCount "50"]
[EventDate "1990.02.??"]
[EventType "tourn"]
[EventRounds "9"]
[EventCountry "DEN"]
[EventCategory "4"]
[Source "ChessBase"]
[SourceDate "1996.11.15"]

1. Nf3 Nf6 2. g3 g6 3. b3 Bg7 4. Bb2 d6 5. d4 c5 6. dxc5 Qa5+ 7. Nbd2 Qxc5 8.
e3 Nc6 9. a3 O-O 10. Bg2 d5 11. b4 Qb5 12. Bf1 Qb6 13. c4 Bg4 14. c5 Qd8 15.
Bg2 e5 16. h3 Bxf3 17. Nxf3 e4 18. Nd2 Ne8 19. Bxg7 Nxg7 20. O-O h5 21. Qc2 h4
22. g4 f5 23. gxf5 gxf5 24. Rad1 Qf6 25. Qb3 Ne7 1/2-1/2

[Event "Taastrup B"]
[Site "Taastrup"]
[Date "1990.??.??"]
[Round "5"]
[White "Hartvig, Ove Weiss"]
[Black "Bang, Andreas"]
[Result "1/2-1/2"]
[WhiteElo "2225"]
[BlackElo "2345"]
[PlyCount "113"]
[EventDate "1990.02.??"]
[EventType "tourn"]
[EventRounds "9"]
[EventCountry "DEN"]
[EventCategory "4"]
[Source "ChessBase"]
[SourceDate "1996.11.15"]

1. Nf3 d5 2. g3 Bg4 3. d4 e6 4. Bg2 Nd7 5. O-O Bd6 6. c4 c6 7. Nbd2 f5 8. Ne1
Ngf6 9. Nd3 O-O 10. c5 Bc7 11. Nf3 Qe8 12. h3 Bxf3 13. exf3 e5 14. dxe5 Nxe5
15. Re1 Qb8 16. Nxe5 Bxe5 17. f4 Bc7 18. b4 a5 19. b5 Ne4 20. Bb2 a4 21. b6 Bd8
22. Bxe4 fxe4 23. Rb1 a3 24. Bd4 Bf6 25. Rb3 Ra4 26. Bxf6 gxf6 27. Qc1 Qa8 28.
Ree3 Qa5 29. Rxa3 Ra8 30. Rxa4 Qxa4 31. a3 Ra5 32. Qa1 Kf7 33. Rc3 Qd4 34. Qc1
Ra4 35. f5 Rc4 36. Rxc4 dxc4 37. Qh6 Kg8 38. Qf4 c3 39. Qb8+ Kg7 40. Qxb7+ Kh6
41. Qf7 c2 42. Qf8+ Kg5 43. Qg8+ Kh6 44. Qf8+ Kg5 45. Qg7+ Kxf5 46. Qg4+ Ke5
47. Qf4+ Ke6 48. b7 Qd1+ 49. Kg2 Qf3+ 50. Qxf3 exf3+ 51. Kxf3 c1=Q 52. b8=Q
Qxa3+ 53. Ke2 Qa6+ 54. Ke3 Qa3+ 55. Ke2 Qa6+ 56. Ke3 Qa3+ 57. Ke2 1/2-1/2

[Event "Taastrup B"]
[Site "Taastrup"]
[Date "1990.??.??"]
[Round "8"]
[White "Hartvig, Ove Weiss"]
[Black "Bern, Ivar"]
[Result "0-1"]
[WhiteElo "2225"]
[BlackElo "2370"]
[PlyCount "76"]
[EventDate "1990.02.??"]
[EventType "tourn"]
[EventRounds "9"]
[EventCountry "DEN"]
[EventCategory "4"]
[Source "ChessBase"]
[SourceDate "1996.11.15"]

1. Nf3 f5 2. g3 Nf6 3. Bg2 g6 4. O-O Bg7 5. d3 d6 6. Nbd2 e5 7. e4 O-O 8. Nc4
Nc6 9. Ne1 Be6 10. Ne3 f4 11. Nd5 g5 12. Nxf6+ Qxf6 13. g4 h5 14. h3 hxg4 15.
hxg4 Kf7 16. f3 Qh6 17. Kf2 Qh4+ 18. Ke2 Rh8 19. Qd2 d5 20. Kd1 dxe4 21. dxe4
Rad8 22. Nd3 Qg3 23. Qf2 Qxf2 24. Rxf2 Bc4 25. Bd2 Bxd3 26. cxd3 Bf8 27. Rc1
Rh2 28. Ke2 Be7 29. Rh1 Rxh1 30. Bxh1 Rh8 31. Rf1 Rh2+ 32. Kd1 Bc5 33. Kc1 Be3
34. Bxe3 fxe3 35. f4 gxf4 36. g5 Nd4 37. g6+ Kxg6 38. Bf3 Nxf3 0-1

[Event "Taastrup B"]
[Site "Taastrup"]
[Date "1990.??.??"]
[Round "7"]
[White "Hutters, Tomas"]
[Black "Jasnikowski, Zbigniew"]
[Result "1/2-1/2"]
[WhiteElo "2260"]
[BlackElo "2445"]
[PlyCount "45"]
[EventDate "1990.02.??"]
[EventType "tourn"]
[EventRounds "9"]
[EventCountry "DEN"]
[EventCategory "4"]
[Source "ChessBase"]
[SourceDate "1996.11.15"]

1. Nf3 Nf6 2. c4 g6 3. Nc3 d5 4. cxd5 Nxd5 5. e4 Nxc3 6. dxc3 Qxd1+ 7. Kxd1 f6
8. Be3 e5 9. Nd2 Be6 10. Bc4 Kf7 11. Kc2 Nd7 12. b4 a5 13. a3 Be7 14. Rhd1 Rhb8
15. bxa5 Nc5 16. Bxc5 Bxc5 17. f3 Rd8 18. Bxe6+ Kxe6 19. Nc4 Rxd1 20. Rxd1 c6
21. a4 Be7 22. Rb1 Ra7 23. Kd3 1/2-1/2

[Event "Taastrup B"]
[Site "Taastrup"]
[Date "1990.??.??"]
[Round "9"]
[White "Hutters, Tomas"]
[Black "Bang, Andreas"]
[Result "1/2-1/2"]
[WhiteElo "2260"]
[BlackElo "2345"]
[PlyCount "21"]
[EventDate "1990.02.??"]
[EventType "tourn"]
[EventRounds "9"]
[EventCountry "DEN"]
[EventCategory "4"]
[Source "ChessBase"]
[SourceDate "1996.11.15"]

1. d4 d5 2. c4 c6 3. cxd5 cxd5 4. Nc3 Nf6 5. Nf3 Nc6 6. Bf4 Bf5 7. e3 e6 8. Bd3
Bxd3 9. Qxd3 Bb4 10. O-O O-O 11. Rfc1 1/2-1/2

[Event "Taastrup B"]
[Site "Taastrup"]
[Date "1990.??.??"]
[Round "2"]
[White "Hutters, Tomas"]
[Black "Hartvig, Ove Weiss"]
[Result "1-0"]
[WhiteElo "2260"]
[BlackElo "2225"]
[PlyCount "97"]
[EventDate "1990.02.??"]
[EventType "tourn"]
[EventRounds "9"]
[EventCountry "DEN"]
[EventCategory "4"]
[Source "ChessBase"]
[SourceDate "1996.11.15"]

1. Nf3 Nf6 2. d4 c5 3. d5 b5 4. Bg5 Ne4 5. Bh4 Qa5+ 6. Nbd2 Bb7 7. a4 bxa4 8.
c3 Nxd2 9. Qxd2 d6 10. e4 Nd7 11. Bd3 g6 12. Qe2 Bg7 13. Nd2 Bf6 14. Bg3 O-O
15. O-O Qc7 16. Rxa4 Nb6 17. Ra2 Bc8 18. Nc4 Nxc4 19. Bxc4 Bg7 20. Rfa1 Kh8 21.
h3 e5 22. dxe6 Bxe6 23. Ra6 Rfd8 24. Rd1 Bxc4 25. Qxc4 Rab8 26. Raxd6 Rxd6 27.
Bxd6 Qd7 28. Bxb8 Qxd1+ 29. Kh2 Qd8 30. Bg3 Qe7 31. Qd5 Bf8 32. Qe5+ Kg8 33.
Qxe7 Bxe7 34. Kg1 c4 35. Kf1 Bg5 36. f4 Be7 37. Ke2 f5 38. exf5 gxf5 39. Bf2 a5
40. Bb6 a4 41. Ke3 Bf6 42. Bd4 Be7 43. g4 Bh4 44. gxf5 Be1 45. Ke4 Bd2 46. Be3
a3 47. bxa3 Bxc3 48. Kd5 Bb2 49. a4 1-0

[Event "Taastrup B"]
[Site "Taastrup"]
[Date "1990.??.??"]
[Round "4"]
[White "Hutters, Tomas"]
[Black "Adamski, Jan"]
[Result "1/2-1/2"]
[WhiteElo "2260"]
[BlackElo "2410"]
[PlyCount "30"]
[EventDate "1990.02.??"]
[EventType "tourn"]
[EventRounds "9"]
[EventCountry "DEN"]
[EventCategory "4"]
[Source "ChessBase"]
[SourceDate "1996.11.15"]

1. d4 d5 2. Nf3 Nf6 3. c4 dxc4 4. Nc3 e6 5. Bg5 Bb4 6. e3 c5 7. Bxc4 cxd4 8.
exd4 Bxc3+ 9. bxc3 Qc7 10. Qe2 Nbd7 11. O-O O-O 12. Rac1 b6 13. Bd3 Bb7 14.
Rfe1 Rac8 15. Ne5 h6 1/2-1/2